[Event "Young Stars 2"]
[Site "Montreal CAN"]
[Date "2017.12.17"]
[Round "8.10"]
[White "Richard, Leo"]
[Black "Yan, Alex Jikai"]
[Result "1-0"]
[WhiteElo "1634"]
[BlackElo "1440"]
[WhiteFideId "-1"]
[WhiteFideId "-1"]
[PlyCount "101"]
[GameId "2160767908292240"]
[EventDate "2017.12.09"]
[EventType "swiss"]
[EventRounds "8"]
[EventCountry "CAN"]
[SourceTitle "hb 2017"]

1. e4 e5 2. Nf3 Nc6 3. Bc4 Bc5 4. c3 Nf6 5. d4 exd4 6. cxd4 Bb4+ 7. Bd2 Nxe4 8. Bxb4 Nxb4 9. Bxf7+ Kxf7 10. Qb3+ d5 11. Ne5+ Ke8 12. Qxb4 c6 13. O-O Qb6 14. Qxb6 axb6 15. Re1 Kf8 16. f3 Ng5 17. Nc3 Nf7 18. Re2 Nxe5 19. Rxe5 Bd7 20. Rae1 Re8 21. Na4 Rxe5 22. Rxe5 b5 23. Nb6 Be8 24. Kf2 g6 25. Nc8 Bd7 26. Nd6 b6 27. Kg3 Rg8 28. Kf4 h6 29. h4 Rg7 30. b4 Re7 31. Rxe7 Kxe7 32. Ke5 Be6 33. f4 Bd7 34. h5 gxh5 35. f5 h4 36. f6+ Kf8 37. Nf5 Bxf5 38. Kxf5 Kf7 39. Ke5 h5 40. a3 Kf8 41. Ke6 Ke8 42. f7+ Kf8 43. Kf6 h3 44. gxh3 h4 45. Ke6 c5 46. bxc5 bxc5 47. dxc5 d4 48. Kf6 d3 49. c6 d2 50. c7 d1=N 51. c8=R# 1-0

[Event "Young Stars 2"]
[Site "Montreal CAN"]
[Date "2017.12.17"]
[Round "8.12"]
[White "Omichi, Kevin"]
[Black "Chapdelaine, Gwyn"]
[Result "0-1"]
[WhiteElo "1148"]
[BlackElo "1285"]
[WhiteFideId "-1"]
[WhiteFideId "-1"]
[PlyCount "109"]
[GameId "2160767908292242"]
[EventDate "2017.12.09"]
[EventType "swiss"]
[EventRounds "8"]
[EventCountry "CAN"]
[SourceTitle "hb 2017"]

1. e4 e5 2. Nf3 Nc6 3. d4 exd4 4. Nxd4 Bc5 5. Be3 Nxd4 6. Bxd4 Bxd4 7. Qxd4 Nf6 8. Nc3 d6 9. O-O-O Be6 10. Kb1 O-O 11. Bc4 Bxc4 12. Qxc4 Qe7 13. Rde1 Rfe8 14. f3 Rad8 15. Nd5 Nxd5 16. Qxd5 c6 17. Qd2 h6 18. a3 Qf6 19. Re3 Re5 20. Qc3 Qg6 21. Rg1 Rc5 22. Qd2 d5 23. Rc3 Rxc3 24. bxc3 Qf6 25. Rd1 Qd6 26. c4 Qxa3 27. cxd5 cxd5 28. exd5 Rd6 29. c3 Rb6+ 30. Kc2 Rb2+ 31. Kd3 Rxd2+ 32. Rxd2 Qd6 33. Kc4 a5 34. Kb3 b5 35. c4 Qb4+ 36. Kc2 Qxc4+ 37. Kb2 b4 38. Rc2 Qxd5 39. Kc1 b3 40. Rc3 a4 41. Rc8+ Kh7 42. Rb8 Qd3 43. Kb2 Qc2+ 44. Ka3 Qa2+ 45. Kb4 b2 46. Kc3 b1=Q 47. Rxb1 Qxb1 48. Kd4 Qe1 49. Kc4 Qd1 50. Kb4 Qc1 51. Kxa4 Kg6 52. g4 Kf6 53. f4 Ke6 54. g5 Kd6 55. Ka5 0-1